| 000 | 00472cam a2200169ua 4500 | ||
|---|---|---|---|
| 020 | _c10.00 | ||
| 041 |
_amal _h |
||
| 082 |
_a894.812301 _bSIV/TH |
||
| 100 | _aSivasankara Pillai, Thakazhi. | ||
| 245 |
_aThiranjedutha kathakal / _cThakazhi sivasankara pillai. _hTextual Documents |
||
| 260 |
_aKottayam : _bSahitya Pravarthaka Co-operative Society , _c1966. |
||
| 300 |
_a412 ; _eAtlas. |
||
| 365 | _a10.00 | ||
| 504 | _a | ||
| 942 | _cBK | ||
| 999 |
_c5296 _d5296 |
||